| 000 | 01664nam a22002775i 4500 | ||
|---|---|---|---|
| 999 |
_c29069 _d29040 |
||
| 003 | EG-ScBUE | ||
| 005 | 20210111110849.0 | ||
| 008 | 210111s2020 ua f b 000 0 ara d | ||
| 017 | _a2020 / 7466 | ||
| 040 |
_aEG-ScBUE _bara _erda _cEG-ScBUE _dEG-ScBUE |
||
| 043 | _af-ua--- | ||
| 082 | 0 | 4 |
_a344.62074 _bق ا ن _222 |
| 110 | 1 |
_aمصر. _bقوانين، لوائح... (إلخ)، _eمؤلف. |
|
| 245 | 1 | 0 |
_aقانون تنظيم الجامعات : _bالصادر بالقانون رقم 49 لسنة 1972 ولائحته التنفيذية الصادرة بقرار رئيس الجمهورية رقم 809 لسنة 1975 وفقا لآخر التعديلات / _cإعداد ومراجعة محمد سيد أحمد البربري، المحامي بالنقض والدستورية والإدارية العليا، ماجستير في القانون، أحمد كمال يونس، المحامي بالاستئناف العالي ومجلس الدولة، مدير إدارة قانونية. |
| 250 | _aالطبعة الثامنة والثلاثون. | ||
| 264 | 1 |
_aالقاهرة : _bوزارة التجارة والصناعة، الهيئة العامة لشئون المطابع الأميرية، _c2020. |
|
| 300 |
_a692 صفحة ؛ _c24 سم |
||
| 336 |
_aنص _btxt _2rdacontent |
||
| 337 |
_aبدون وسيط _bn _2rdamedia |
||
| 338 |
_aمجلد _bnc _2rdacarrier |
||
| 650 | 7 |
_aالجامعات والكليات _xقوانين وتشريعات _zمصر. _2BUEsh |
|
| 653 |
_bLLAAWW _cJanuary2021 |
||
| 700 | 1 |
_aبربري، محمد سيد أحمد، _eمعد، _eمراجع. |
|
| 700 | 1 |
_aيونس، أحمد كمال، _eمعد، _eمراجع. |
|
| 942 | _2ddc | ||